Một nữa nhà quê : Thơ

Shranjeno v:
Bibliografske podrobnosti
Glavni avtor: Trương Trí Hùng
Format: Knjiga
Jezik:Vietnamese
Izdano: H. Hội nhà văn 2014
Teme:
Oznake: Označite
Brez oznak, prvi označite!
Thư viện lưu trữ: Thư viện Trường Đại học Nam Cần Thơ
LEADER 00683nam a22001817a 4500
001 NCT_73244
008 191220b xxu||||| |||| 00| 0 vie d
999 |c 3568  |d 3568 
020 |a 9786045319338  |c 40000 
082 0 4 |2 23rd ed.  |a 895.9221  |b H513 
100 1 |a Trương Trí Hùng 
245 1 0 |a Một nữa nhà quê :   |b Thơ  |c Trương Trí Hùng 
260 |a H.  |b Hội nhà văn  |c 2014 
300 |a 84 tr.  |c 19cm 
653 |a Tham khảo 
942 |2 ddc  |c BK 
952 |0 0  |1 0  |2 ddc  |4 0  |6 895_922100000000000_H513  |7 0  |9 18456  |a 000001  |b 000001  |d 2019-12-20  |o 895.9221 H513  |p TK.00715  |r 2019-12-20  |v 40000.00  |w 2019-12-20  |y BK 
980 |a Thư viện Trường Đại học Nam Cần Thơ